000 00646nam a2200253Ia 4500
001 30320
005 20240114001442.0
007 ta
008 060718s1933 g b000 u 491 u
040 _aCotton College Assam
041 _a491
082 _a294.14
_bR 137 Ap
100 _aRaja, C.Kunhan .
245 0 _aAprakashita Upanisadah /
_cC.Kunhan Raja.
_hTextual Documents
250 _a1st ed. /
260 _aMadras :
_bThe Adyar Library ,
_c1933.
300 _a507p. ;
_c22cm.
653 _aReligion-Hindu
653 _aUpanisada
653 _aG-Religion
942 _2ddc
_cBK
999 _c30302
_d30302